青囊尸衣

資料類型: Book 圖書   書目號:44655

Leader xxxxxxxxxx
001 __ PCLIS00044655
005 __ 20211207083335.0
010 0_ |a978-986-185-202-7|b卷一 : 平裝|dNT$199
010 0_ |a978-986-185-203-4|b卷二 : 平裝|dNT$220
010 0_ |a978-986-185-215-7|b卷三 : 平裝|dNT$220
010 0_ |a978-986-185-216-4|b卷四 : 平裝|dNT$220
010 0_ |a978-986-185-239-3|b卷五 : 平裝|dNT$220
010 0_ |a978-986-185-240-9|b卷六 : 平裝|dNT$220
100 __ |a20120418d2008    m  y0chiy09      e
101 0_ |achi
102 __ |atw
105 __ |ay   z   000ay
200 1_ |a青囊尸衣|f魯班尺著
205 __ |a初版
210 __ |a臺北市|c高寶國際出版|c希代多媒體發行|d2008[民97]
215 0_ |a6冊|d21公分
225 2_ |a戲非戲|vDN030-DN035
327 1_ |v1,|a青囊出世|v2,|a重現尸衣|v3,|a天門先山|v4,|a血戰鬼谷|v5,|a祝由祕術|v6,|a郭公葬尺
410 _0 |12001 |a戲非戲|vDN030-DN035
463 _0 |12001 |a青囊出世
463 _0 |12001 |a重現尸衣
463 _0 |12001 |a天門先山
463 _0 |12001 |a血戰鬼谷
463 _0 |12001 |a祝由祕術
463 _0 |12001 |a郭公葬尺
681 __ |a857.7|b8647
700 _0 |a魯班尺|4801 _0 |atw|b內湖高中|c20120418|gCCR
詳細館藏 1-6 筆 (共 6 筆)
索 書 號登 錄 號冊次號館別 / 館藏地流通類型狀態加入預約清單電子資源
857.7 / 8647 1020014 V1 圖書館 / 一樓普通區 可外借30天 在館   
857.7 / 8647 1020015 V2 圖書館 / 一樓普通區 可外借30天 在館   
857.7 / 8647 1020016 V3 圖書館 / 一樓普通區 可外借30天 在館   
857.7 / 8647 1020017 V4 圖書館 / 一樓普通區 可外借30天 在館   
857.7 / 8647 1020018 V5 圖書館 / 一樓普通區 可外借30天 在館   
857.7 / 8647 1020019 V6 圖書館 / 一樓普通區 可外借30天 在館   

| 條列資料




目錄查詢 分類查詢 個人資料 圖書薦購 新書查詢 閉館日 排行榜 更多電子資源 Hami書城 線上資料庫 登出

From : 216.73.217.52

  本日流通累計至 11:44:59 借閱 : 0 次 續借 : 0 次 歸還 : 0 次 預約 : 0 次 電子資源 : 0 次


內湖高中圖書館  PCLIS 版本  26.5.0.12